| 000 | 00957nam a22002297a 4500 | ||
|---|---|---|---|
| 001 | 46976 | ||
| 003 | BD-RjUL | ||
| 005 | 20211209054235.0 | ||
| 008 | 160806s20001995ii ||||| |||| 00| 0 ben d | ||
| 020 | _c: IRs 30.00 | ||
| 035 | _a(BD-RjUL)47095 | ||
| 040 |
_aBD-RjUL _bben _cBD-RjUL |
||
| 041 | _aben | ||
| 082 |
_223 _a149.97 _bCHA 2000 |
||
| 100 |
_aচট্রোপাধ্যায়, অমল _9143095 |
||
| 245 | 1 | 0 |
_aআধুনিকতা, উত্তর-আধুনিকতা ও একটি বিকল্পের অনুসন্ধান / _cঅমল চট্রোপাধ্যায় |
| 260 |
_aকলিকাতা : _bঅশোক কুমার বারিক, _c১৯৯৫ [পুনর্মুদ্রণ ২০০০] |
||
| 300 |
_a৯১ পৃ. ; _c২১ সেমি. |
||
| 650 |
_aPostmodernism _9143096 |
||
| 650 |
_aউত্তর-আধুনিকতা _9143097 |
||
| 942 |
_2ddc _cBK |
||
| 999 |
_c46976 _d46976 |
||